00354nam a2200109Ia 4500082002200000245001800022100004200040942000700082008004100089999001900130952009500149 aJ 743.6974428 AME 0aDraw 50 cats  a AMES, Lee J. London, 1989 944112 cBK210817s9999 xx 000 0 und d c147555d147554 00104070aFUNDLbFUNDLd2021-08-18g40.00l0p33228013448350r2021-08-18w2021-08-18yBK